000 00461nam a2200181Ia 4500
001 10995
005 20260306161913.0
008 260306t1992||||xx |||||||||||||| ||spa||
041 _aESP
082 _a985
_bP34 V. 2
100 _aPease G. Y., Franklin
_eAUT
245 0 _aPeru hombre e historia:
_bentre el siglo XVI y el XVIII
260 _c1992
300 _axii, 347 páginas :
_c26 cm.
650 _aGEN
654 _aCHU
942 _cLIB
_dJUS
_fJUS
_2ddc
_n
999 _c10995
_d10995